000 00848nam a2200277Ia 4500
003 OSt
005 20220918171051.0
006 a|||||r|||| 00| 0
007 ta
008 220917b |||||||| |||| 00| 0 eng d
020 _a9781138581012 (pbk)
_cUKP 34.99
024 _a352,557
037 _b1803, 13/02/2020, Bright Book Service
_cTextual
040 _aARTS
_cARTS
_beng
041 _2eng
_aeng
082 _aR39(S:4), R0
100 _aHeil John
_916874
245 0 _aPhilosophy of mind
_b contemporary introduction
250 _a4th
260 _aNew York
_bRoutledge USA
_c2020
300 _axxiii,263p.
_ccm.
490 _aRoutledge contemporary introductions to philosophy
650 _aPhilosophy
942 _hR39(S:4), R0
_cTEXL
_2CC
999 _c137682
_d137682